Hedge-Fonds – Funktionsweise und Vergleich mit den traditionellen Investitionsstrategien diplomová práca

Gespeichert in:
Bibliographische Detailangaben
1. Verfasser: Pisková, Dominika
Körperschaft: Ekonomická univerzita v Bratislave. Fakulta hospodárskej informatiky
Weitere Verfasser: Sicherer, Klaus von
Format: Buch
Sprache:Deutsch
Veröffentlicht: Bratislava 2016
Tags: Tag hinzufügen
Keine Tags, Fügen Sie das erste Tag hinzu!

MARC

LEADER 00000nbm a2200000 4500
001 0226794
005 20240913092214.0
041 0 |a ger 
044 |a SK 
245 1 0 |a Hedge-Fonds – Funktionsweise und Vergleich mit den traditionellen Investitionsstrategien  |b diplomová práca  |c Dominika Pisková ; školiteľ: Klau von Sicherer 
264 1 |a Bratislava  |c 2016 
300 |a 56 s. 
100 1 |a Pisková, Dominika 
700 1 |a Sicherer, Klaus von 
710 2 |a Ekonomická univerzita v Bratislave. Fakulta hospodárskej informatiky